Statistics for World's Biggest Importing Countries

Click here to take the quiz!

General Stats

  • This quiz has been taken 4,184 times
    (4,182 since last reset)
  • The average score is 26 of 30

Answer Stats

LocationMarket %Answer% Correct
N. America12.8USA
100%
Asia9.1China
99%
Europe3.9France
98%
Europe6.9Germany
98%
Europe3.6UK
98%
N. America2.6Canada
97%
Asia4.5Japan
97%
Europe3.1Italy
96%
Europe2.0Spain
96%
Asia2.1India
94%
N. America2.0Mexico
94%
Asia1.6Russia
94%
Oceania1.3Australia
93%
S. America1.2Brazil
93%
Asia.9Indonesia
87%
Asia2.9South Korea
87%
Europe1.1Poland
86%
Europe1.0Sweden
86%
Europe3.4Netherlands
82%
Europe2.5Belgium
80%
Asia1.2Turkey
80%
Europe1.1Switzerland
79%
Asia.6Saudi Arabia
78%
Asia1.2Thailand
78%
Europe1.0Austria
77%
Asia2.0Singapore
70%
Asia1.1Malaysia
69%
Asia1.6Taiwan
69%
Asia1.0UAE
61%
Europe.8Czech Republic
57%

Score Distribution

Percentile by Number Answered

Percent of People with Each Score

Your Score History

You have not taken this quiz since the last reset